| 000 | 00822nam a2200229 a 4500 | ||
|---|---|---|---|
| 005 | 20210223132847.0 | ||
| 008 | 160308s2003 mx r 000 0 spa d | ||
| 020 | _a9683811949 | ||
| 035 | _aUPN01000208783 | ||
| 049 | _aCG | ||
| 050 | 4 |
_aBR128 N4.8 _bN4.8 |
|
| 100 | 1 |
_aNeal, Connie Waynette, _d1958- _938750 |
|
| 245 | 1 | 4 |
_aLos valores y Harry Potter / _cConnie Neal ; tr. Ma. de la Luz Broissin Fernández. |
| 260 |
_aMéxico : _bPanorama, _c2003. |
||
| 300 |
_a228 p. : _bil., cuadros |
||
| 534 |
_pTítulo original: _tWhat's a christian to do with Harry Potter? |
||
| 650 | 4 |
_aCRISTIANISMO Y OTRAS RELIGIONES - _xMOVIMIENTO NUEVA ERA _924760 |
|
| 650 | 4 |
_aMOVIMIENTO NUEVA ERA - _xRELACIONES - _xCRISTIANISMO _924761 |
|
| 600 | 4 |
_aPOTTER, HARRY (PERSONAJE FICTICIO) _921772 |
|
| 905 | _aLibro | ||
| 999 |
_c180884 _d180884 |
||